¿Ascenso político del PAN?
En este artículo se habla acerca del nuevo partido político en El Salvador llamado Partido Acción Nacional (PAN). Se ofrece una observación de su líder y fundador Horacio Ríos. Se señala que desestimar a priori sus posibilidades electorales para los siguientes comicios puede llegar a ser un craso er...
Đã lưu trong:
| Định dạng: | Texto |
|---|---|
| Ngôn ngữ: | Spanish |
| Được phát hành: |
El Salvador
Universidad Centroaméricana José Simeón Cañas
2000
|
| Những chủ đề: | |
| Các nhãn: |
Thêm thẻ
Không có thẻ, Là người đầu tiên thẻ bản ghi này!
|
MARC
| LEADER | 00000 a a2200000 04500 | ||
|---|---|---|---|
| 001 | 6336 | ||
| 003 | cru CIDCACS/IIS | ||
| 005 | 20210528095122.0 | ||
| 008 | 210521b |||||||| |||| 00| 0 spa d | ||
| 040 | |a CRAI-IIS |b ES |c CRAI-IIS | ||
| 110 | 2 | |4 Revista Proceso | |
| 245 | |a ¿Ascenso político del PAN? | ||
| 260 | |a El Salvador |b Universidad Centroaméricana José Simeón Cañas |c 2000 | ||
| 264 | |b Universidad Centroaméricana José Simeón Cañas. Instituto de Derechos Humanos | ||
| 500 | |a Colección Centroamerica | ||
| 520 | |a En este artículo se habla acerca del nuevo partido político en El Salvador llamado Partido Acción Nacional (PAN). Se ofrece una observación de su líder y fundador Horacio Ríos. Se señala que desestimar a priori sus posibilidades electorales para los siguientes comicios puede llegar a ser un craso error de cálculo. Se sospecha que ARENA es responsable de las muertes de los dos correligionarios de Ríos y de ser así, existirían más razones para no desestimar el potencial político del PAN. /MSD | ||
| 650 | |a PARTIDOS POLITICOS | ||
| 650 | |a OPOSICION POLITICA | ||
| 650 | |a LIDERAZGO POLITICO | ||
| 773 | 0 | |g volumen 20, número 889; páginas 4-5 |t Revista Proceso | |
| 942 | |2 ddc |c PP | ||
| 999 | |c 20407 |d 20407 | ||
| 773 | 0 | |0 43690 |9 5728 |a Universidad Centroamericana José Simeón Cañas |o R33523_20889 |t Revista Proceso |x 0259-9864 | |
